Status and Challenges of Agritourism in the Municipality of Tanay, Rizal (Record no. 86211)
[ view plain ]
| 000 -LEADER | |
|---|---|
| fixed length control field | 02922nam a2200289 4500 |
| 005 - DATE AND TIME OF LATEST TRANSACTION | |
| control field | 20251015084840.0 |
| 008 - FIXED-LENGTH DATA ELEMENTS--GENERAL INFORMATION | |
| fixed length control field | 240828b |||||||| |||| 00| 0 eng d |
| 050 14 - LIBRARY OF CONGRESS CALL NUMBER | |
| Classification number | LG 221.R59 |
| Item number | As11 2024 |
| 100 1# - MAIN ENTRY--PERSONAL NAME | |
| Personal name | Asahan, Ericka Janine V. |
| 245 ## - TITLE STATEMENT | |
| Title | Status and Challenges of Agritourism in the Municipality of Tanay, Rizal |
| Statement of responsibility, etc. | Ericka Janine V. Asahan, Ma. Princess O. Overo, Monique S. Quintanar, Alwin G. Nebreja |
| 260 ## - PUBLICATION, DISTRIBUTION, ETC. | |
| Date of publication, distribution, etc. | 2024 |
| 300 ## - PHYSICAL DESCRIPTION | |
| Extent | xv,93 leaves |
| 336 ## - CONTENT TYPE | |
| Source | rdacontent |
| Content type term | text |
| 337 ## - MEDIA TYPE | |
| Source | rdamedia |
| Media type term | unmediated |
| 338 ## - CARRIER TYPE | |
| Source | rdacontent |
| Carrier type term | volume |
| 502 ## - DISSERTATION NOTE | |
| Dissertation note | Thesis |
| Degree type | Bachelor of Science in Tourism Management |
| Name of granting institution | URS |
| Year degree granted | 2024 |
| 520 ## - SUMMARY, ETC. | |
| Summary, etc. | The study aimed to analyze the status and challenges of agritourism in the municipality of Tanay, Rizal. The descriptive method of research was utilized in the study coupled with the administration of survey questionnaire to collect information from 58 respondents. The data gathered were treated statistically using frequency, percentage and rank. The study found out that majority of the respondents belonged to the age bracket of 30-40 years old, high school graduates, and mostly 2-4 years working in the identified agritourism sites. And in terms to the challenges the climate/ weather changes that hinder conduct of scheduled activities, maintenance of facilities/ amenities is costly, climate/ weather changes affect health of livestock, weak internet connectivity and lack of gadget, hardware and other information technology equipment The status involves a growing interest in experiential farm visits, farmers' markets, and educational programs. The study further revealed that the agritourism sites sustained its operation regardless of the challenges encountered which showed more stability to the owner or management. Agritourism offers a unique opportunity for visitors to experience rural life, engage in farm-related activities, and learn about agriculture firsthand. It benefits farmers by providing an additional revenue stream and helps preserve traditional farming practices. However, it also raises concerns about environmental impact, zoning regulations, and maintaining the authenticity of the farming experience. Overall, with careful planning and sustainable practices, agritourism can contribute positively to local economies and cultural preservation. |
| 690 ## - LOCAL SUBJECT ADDED ENTRY--TOPICAL TERM (OCLC, RLIN) | |
| Topical term or geographic name as entry element | UN SDG 8 |
| -- | UN SDG 12 |
| -- | UN SDG 11 |
| -- | UN SDG 15 |
| 700 1# - ADDED ENTRY--PERSONAL NAME | |
| Personal name | Overo, Ma. Princess O. |
| Relator term | author |
| 700 1# - ADDED ENTRY--PERSONAL NAME | |
| Personal name | Quintanar, Monique S. |
| Relator term | author |
| 700 1# - ADDED ENTRY--PERSONAL NAME | |
| Personal name | Nebreja, Alwin G. |
| Relator term | author |
| 700 1# - ADDED ENTRY--PERSONAL NAME | |
| Personal name | Abejuela, Ferdinand D. |
| Relator term | degree supervisor |
| 856 ## - ELECTRONIC LOCATION AND ACCESS | |
| Materials specified | Link to View Online |
| Uniform Resource Identifier | <a href="https://drive.google.com/drive/folders/1dBoeXNaCJC2i6hdw-Dgbc7TLq1K9J6pz?usp=drive_link">https://drive.google.com/drive/folders/1dBoeXNaCJC2i6hdw-Dgbc7TLq1K9J6pz?usp=drive_link</a> |
| 856 ## - ELECTRONIC LOCATION AND ACCESS | |
| Materials specified | Online Request for Student Unpublished Works |
| Uniform Resource Identifier | <a href="https://forms.gle/iwQgJ2wFRviEt3BA8">https://forms.gle/iwQgJ2wFRviEt3BA8</a> |
| 856 ## - ELECTRONIC LOCATION AND ACCESS | |
| Uniform Resource Identifier | <a href="https://drive.google.com/file/d/1fi8JKrd0LfWp8k9I7tfXYMMp7dnQJJOK/view?usp=sharing">https://drive.google.com/file/d/1fi8JKrd0LfWp8k9I7tfXYMMp7dnQJJOK/view?usp=sharing</a> |
| 942 ## - ADDED ENTRY ELEMENTS (KOHA) | |
| Source of classification or shelving scheme | Library of Congress Classification |
| Koha item type | Theses and dissertations |
| Withdrawn status | Source of classification or shelving scheme | Damaged status | Not for loan | Home library | Current library | Date acquired | Full call number | Barcode | Date last seen | Price effective from | Koha item type |
|---|---|---|---|---|---|---|---|---|---|---|---|
| Library of Congress Classification | Tanay College Library | Tanay College Library | 08/28/2024 | LG 221.R59 As11 2024 | URSTAN-UGT04855 | 08/28/2024 | 08/28/2024 | Theses and dissertations |